00502nam a2200157Ia 450000500170000000800410001708200130005824500270007126000370009830000130013550000510014870000250019994200060022495200990023099900150032920250402004337.0240331s9999 xx 000 0 und d bULAa894 0aUlaikkappiranthavargal aChennaibDurai Visvanathanc1997 a495 p., aMalaiyaga Sirukadhaikalin irandavathu thoguthi aVisvanathan,D. eedt cL 001040708LaWERCLbWERCLcSSCd2024-03-31l0o 894.811 ULAp3705r2024-03-31w2024-03-31yL c4228d4228